000 01186nam a22002777a 4500
999 _c4106
_d4106
001 4888071
003 GBCCL
005 20241126110511.0
008 180227b ||||| |||| 00| 0 eng d
020 _a0942516001
040 _aDLC
_cDLC
_dDLC
082 0 0 _a973.3092
_aB
_220
_bBRA
100 1 _aBradford, M. E.
_q(Melvin Eustace),
_d1934-1993.
_99231
245 1 0 _aA worthy company :
_bbrief lives of the framers of the United States Constitution /
_cM.E. Bradford
260 _aMarlborough. :
_bPlymouth Rock Foundation,
_cc1982.
300 _a222 p. :
_bill. ;
_c24 cm.
504 _aIncludes bibliographical references and index.
610 1 0 _aUnited States.
_tConstitution
_xSigners
_vBiography.
_99232
650 0 _aFounding Fathers of the United States
_vBiography.
_99233
650 0 _aConstitutional history
_zUnited States.
_99234
651 0 _aUnited States
_xPolitics and government
_y1783-1789.
_99235
700 1 _aBradford, M. E.
_q(Melvin E.),
_d1934-
_tWorthy company.
_99236
906 _a7
_bcbc
_corignew
_d1
_eocip
_f19
_gy-gencatlg
942 _2ddc
_cBK